000 00698nam a2200277Ia 4500
008 160321s9999||||xx |||||||||||||| ||und||
040 _cHindi
082 _aXV.A/sharma acharya
082 _bBORI-87413
100 _aBramhavarchasva
245 _aGayatri Mahavidya Ka Tatvadarshan
260 _aMathura
260 _bAkhanda Jyot sansthan
300 _a450
300 _cC
300 _eHardbound
530 _u00057767.pdf
563 _areference
600 _aBramhavarchasva
630 _aGayatri Mahavidya Ka Tatvadarshan
650 _aDictionary
650 _aReference
700 _aBramhavarchasva
730 _aGayatri Mahavidya Ka Tatvadarshan
942 _cBOOK
999 _c1371451
_d1371448